000 00739nam a22002297a 4500
003 UA-OsUOA
001 43464
007 ta
008 20061225b un ||||| |||| 00| 0 ukr d
100 _aКирсанова С. В.
090 _a811.111
_bК43
942 _cBK
040 _aUA-OsUOA
_beng
_cUA-OsUOA
_dUA-OsUOA
245 _aОбсуждаэм прочитанное
_bпособие по домашнему ччтению на английском языке
300 _a126 с.
955 _a2
041 _aeng
080 _a811.111
260 _aМ.
_bВысшая школа
_c1991
650 7 _a8 Мовознавство. Художня література. Літературознавство
_2UDC
999 _c329574
_d329574